01702nam a2200385Ia 4500001001200000003000800012006001900020007001500039008004100054010001700095020003500112020003800147020001800185040002100203035002100224050002600245082002200271100002400293245012000317260006200437300002600499490002800525504006400553533015200617610007600769650005000845650007200895650006600967650006701033655002901100710001701129830002901146856012601175999001501301ebr10695243CaPaEBRm u cr cn|||||||||071003s2008 ilua sb s001 0 eng d z 2007040920 z0809328763 (pbk. : alk. paper) z9780809328765 (pbk. : alk. paper) z9780809387335 aCaPaEBRcCaPaEBR a(OCoLC)25065723514aPN1590.B5bB33 2008eb04a792.082/090452221 aBarranger, Milly S.10aUnfriendly witnessesh[electronic resource] :bgender, theater, and film in the McCarthy era /cMilly S. Barranger. aCarbondale :bSouthern Illinois University Press,cc2008. axviii, 197 p. :bill.1 aTheater in the Americas aIncludes bibliographical references (p. 177-185) and index. aElectronic reproduction.bPalo Alto, Calif. :cebrary,d2013.nAvailable via World Wide Web.nAccess may be limited to ebrary affiliated libraries.10aUnited States.bCongress.bHouse.bCommittee on Un-American Activities. 0aActressesxPolitical activityzUnited States. 0aBlacklisting of entertainerszUnited StatesxHistoryy20th century. 0aWomen dramatists, Americany20th centuryxPolitical activity. 0aBlacklisting of authorszUnited StatesxHistoryy20th century. 7aElectronic books.2local2 aebrary, Inc. 0aTheater in the Americas.40uhttp://site.ebrary.com/lib/rucke/Doc?id=10695243zAn electronic book accessible through the World Wide Web; click to view c9051d9051